Every Municipality in Grey County, Ontario - Statistics

General Stats
  • This quiz has been taken 10 times
  • The average score is 6 of 9
Answer Stats
Answer % Correct
Owen Sound
100%
The Blue Mountains
78%
West Grey
78%
Grey Highlands
67%
Meaford
67%
Chatsworth
56%
Georgian Bluffs
44%
Hanover
33%
South Gate
33%
No matching quizzes found
Score Distribution
Percent of People with Each Score
Percentile by Number Answered
Your Score History
You have not taken this quiz